000 00534nam a2200181Ia 4500
001 1894
005 20260306143802.0
008 260306t2019||||xx |||||||||||||| ||spa||
041 _aESP
082 _a158.1
_bD48
100 _aDel Castillo Drago, Humberto
_eAUT
245 0 _aCreciendo en la valoración personal día a día:
_btaller de valoración personal para vivir una existencia virtuosa y reconciliada
260 _c2019
300 _a143 páginas :
_c22 cm.
650 _aGEN
654 _aCHU
942 _cLIB
_dJUS
_fJUS
_2ddc
_n
999 _c1894
_d1894